000 00611cam a22002053a 4500
001 38854
003 PGUSA
005 20140828083846.0
008 120213s2012||||xxu|||||s|||||000 | eng d
040 _aPGUSA
_beng
042 _adc
100 1 _aWingfield, Lewis
245 1 4 _aThe Maid of Honour (Vol. 3 of 3) :
_bA Tale of the Dark Days of France
_h[electronic resource] /
_cLewis Wingfield
260 _bProject Gutenberg,
_c2012
506 _aPublic domain in the USA.
516 _aElectronic text
830 0 _aProject Gutenberg
_v38854
856 4 0 _uhttp://www.gutenberg.org/ebooks/38854
942 _cEB
999 _c268108
_d268108